The Astronomy and astrophysics encyclopedia

Αποθηκεύτηκε σε:
Λεπτομέρειες βιβλιογραφικής εγγραφής
Άλλοι συγγραφείς: Maran, Stephen P. (Επιμελητής έκδοσης)
Μορφή: Βιβλίο
Γλώσσα:English
Δημοσίευση: New York : Van Nostrand Reinhold, c1992.
Θέματα:
Ετικέτες: Προσθήκη ετικέτας
Δεν υπάρχουν, Καταχωρήστε ετικέτα πρώτοι!

MARC

LEADER 00000cam a2200000 i 4500
001 1/32941
008 941103s1992####nyu| ||| |||| ||eng||
020 |a 0442263643 
035 |l 10039234 
035 |a 1995  |c ΣΕΙΜΕΝΗΣ 
040 |a GR-MyUA  |b gre  |e AACR2 
041 0 |a eng 
082 0 |a 520.3   |2 (20) 
245 1 4 |a The Astronomy and astrophysics encyclopedia /   |c edited by Stephen P. Maran ; foreword by Carl Sagan.  
260 |a New York :   |b Van Nostrand Reinhold,   |c c1992.  
300 |a xxix, 1002 σ. :   |b εικ. ;   |c 29 εκ.  
504 |a Περιέχει βιβλιογραφικές αναφορές και ευρετήριο.  
650 0 0 |a Astronomy  |x Encyclopedias. 
650 0 0 |a Astrophysics  |x Encyclopedias. 
700 1 |a Maran, Stephen P.  |e edt 
852 |a INST  |b SAMOS  |e 19941103  |h 520.3 AST  |p 005300003231  |q 005300003231  |t REF  |y 23 
909 |a Σ  |b 032772